00922cam a22002777a 4500003000500000005001700005008004100022010001000063011001000073020001500083035001000098040000900108100003900117245010900156260010900265300001000374410001100384490005000395650002500445650002600470650001700496650004100513650002900554810001100583830005000594CHAP20220817043727.0001110d1997 mx r 00110 spa d a82787 a83759 a9687748149 a94275 cCHAP00aMuñiz Martelón, Patricia Emma.10aTrayectorias educativas y deserción universitaria en los ochentac/por Patricia E. Muñiz Martelón. aMéxico, D.F. :bAsociación Nacional de Universidades e Instituciones de Educación Superior,c1997. a190p. aANUIES 0aTemas de hoy en la educación superiorv; 1914aDeserción escolar.14aEducación superior.14aEstudiantes.14aUniversidad Autónoma Metropolitana14aUniversidadesxMéxico.00aANUIES0 aTemas de hoy en la educación superiorv; 19